Registrácia miest a obcí pre daň z pridanej hodnoty
Registrácia pre daň z pridanej hodnoty v mestách a obciach, ktoré nie sú registrované pre DPH, ale pri určitých typoch dodania tovaru alebo služby im povinnosť registrácie vzniká. Nadobudnutie tovaru v tuzemsku z iného členského štátu. Nadobudnutie tovaru osobou, ktorá je už registrovaná pre daň pod...
Na minha lista:
| Autor principal: | |
|---|---|
| Formato: | Capítulo de Livro |
| Idioma: | eslovaco |
| Assuntos: | |
| Tags: |
Sem tags, seja o primeiro a adicionar uma tag!
|
MARC
| LEADER | 00000naa a2200000 4500 | ||
|---|---|---|---|
| 001 | 0299630 | ||
| 005 | 20240417075307.2 | ||
| 041 | 0 | |a slo | |
| 044 | |a SK | ||
| 245 | 1 | 0 | |a Registrácia miest a obcí pre daň z pridanej hodnoty |c Tatiana Macháčová |
| 520 | |a Registrácia pre daň z pridanej hodnoty v mestách a obciach, ktoré nie sú registrované pre DPH, ale pri určitých typoch dodania tovaru alebo služby im povinnosť registrácie vzniká. Nadobudnutie tovaru v tuzemsku z iného členského štátu. Nadobudnutie tovaru osobou, ktorá je už registrovaná pre daň podľa § 7a zákona o DPH. Registračná povinnosť pri dodaní/prijatí služby do/z iného členského štátu. Zrušenie registrácie pre daň. Postup zrušenia registrácie. | ||
| 610 | 2 | 0 | |a obce |
| 610 | 2 | 0 | |a zákony |
| 610 | 2 | 0 | |a dane z hodnoty pridanej |
| 610 | 2 | 0 | |a tovar |
| 610 | 2 | 0 | |a registrácia |
| 610 | 2 | 0 | |a služby |
| 100 | 1 | |a Macháčová, Tatiana | |